UBT Library

Ophthalmology : (Record no. 39266)

000 -LEADER
fixed length control field 00857cam a22002774a 4500
001 - CONTROL NUMBER
control field 13131306
005 - DATE AND TIME OF LATEST TRANSACTION
control field 20171221040802.0
008 - FIXED-LENGTH DATA ELEMENTS--GENERAL INFORMATION
fixed length control field 030321s2004 nyuaf b 001 0 eng
010 ## - LIBRARY OF CONGRESS CONTROL NUMBER
LC control number 2003046450
020 ## - INTERNATIONAL STANDARD BOOK NUMBER
International Standard Book Number 0071403329 (softcover)
020 ## - INTERNATIONAL STANDARD BOOK NUMBER
International Standard Book Number 0071219080 (int.l ed.)
035 ## - SYSTEM CONTROL NUMBER
System control number (DNLM)101172207
040 ## - CATALOGING SOURCE
Original cataloging agency DNLM/DLC
Transcribing agency DLC
Modifying agency DLC
041 ## - LANGUAGE CODE
Language code of text/sound track or separate title eng
042 ## - AUTHENTICATION CODE
Authentication code pcc
060 10 - NATIONAL LIBRARY OF MEDICINE CALL NUMBER
Classification number WW 18.2
Item number O597 2004
080 ## - UNIVERSAL DECIMAL CLASSIFICATION NUMBER
Universal Decimal Classification number 617.7 LOE
082 00 - DEWEY DECIMAL CLASSIFICATION NUMBER
Classification number 617.7 LOE
Edition number 21
100 ## - Rafti
Rafti 8
101 ## - Shkurtesa
Shkurtesa OFT
245 00 - TITLE STATEMENT
Title Ophthalmology :
Statement of responsibility, etc [edited by] John I. Loewenstein, Scott Lee.
504 ## - BIBLIOGRAPHY, ETC. NOTE
Bibliography, etc Includes bibliographical references and index.
906 ## - LOCAL DATA ELEMENT F, LDF (RLIN)
a 7
b cbc
c orignew
d 1
e ocip
f 20
g y-gencatlg
942 ## - ADDED ENTRY ELEMENTS (KOHA)
Source of classification or shelving scheme
Item type Books
Holdings
Withdrawn status Lost status Source of classification or shelving scheme Damaged status Not for loan Collection code Permanent location Current location Shelving location Date acquired Total Checkouts Full call number Barcode Date last seen Price effective from Koha item type
          Koleksioni i përgjithshem UBT - Lipjan UBT - Lipjan Koleksioni i përgjithshem 12/21/2017   617.7 LOE 002-2939552 12/21/2017 12/21/2017 Books
UBT Library © 2015-2024. All rights reserved University Education for Business and Technology